[Event "Northumbria Masters 2018"]
[Site "Newcastle upon Tyne"]
[Date "2018.02.14"]
[Round "1"]
[White "Donchenko, Alexander"]
[Black "Haria, Ravi"]
[Result "1-0"]
[WhiteElo "2583"]
[BlackElo "2376"]
[Annotator "TA"]
[PlyCount "125"]
[EventDate "2018.??.??"]
[EventCountry "ENG"]
[SourceTitle "playchess.com"]
[Source "ChessBase"]
[SourceQuality "1"]

{[%evp 14,125,16,29,43,42,34,33,28,32,40,28,23,41,51,39,53,51,50,73,85,85,87,90,77,79,92,102,90,89,87,85,113,98,108,57,59,66,64,53,55,50,54,22,32,20,28,11,33,8,6,8,25,10,12,12,54,55,27,21,18,20,28,17,20,17,18,7,63,35,102,92,82,78,72,65,162,157,160,161,319,319,526,541,575,560,512,530,692,694,664,558,707,654,881,873,884,877,858,815,757,780,1189,1278,2414,1622,4722,4722,4627,4627,4722,4718,5057,2373]} 1. Nf3 Nf6 2. g3 d5 3. Bg2 e6 4. O-O Be7 5. c4 O-O 6. d4 dxc4 7. Ne5 c5 8. dxc5 Qc7 {E05: Open Catalan: 5 Nf3 Be7} 9. Nxc4 Rd8 (9... Qxc5 10. b3 Rd8 11. Nbd2 Nc6 12. Bb2 Qb5 13. e3 Bd7 14. a4 Qa6 15. g4 Be8 16. g5 Nd7 17. Qg4 Nde5 18. Nxe5 Nxe5 19. Bxe5 Rxd2 {½-½ (31) Matlakov,M (2701)-Blomqvist,E (2574) Caleta 2017}) 10. Qb3 Nc6 {White is slightly better.} 11. Be3 {Black must now prevent Nc3.} e5 12. Rc1 $146 ({Predecessor:} 12. Nc3 Nd4 13. Bxd4 exd4 14. Na4 Be6 15. Rac1 Rab8 16. Qd3 {0-1 (41) Goriatchkin,J (2318)-Haria,R (2416) Doha 2015}) 12... Nd4 13. Bxd4 $1 exd4 14. Ncd2 Rb8 15. Na3 Be6 16. Qd3 Qe5 17. Nf3 Qh5 18. Nb5 Bxc5 19. Nbxd4 Bg4 20. e3 Bb6 {[#] aiming for ...Bxf3.} 21. Qf1 Ne4 22. Rc2 Re8 23. Nd2 Ng5 24. h4 (24. N2b3 $16) 24... Bxd4 $1 $14 25. exd4 Be2 26. Qc1 Ne6 $1 27. Nb3 Bf3 28. Qf1 Rbd8 29. Rd2 Rd5 30. Re1 Red8 31. Rd3 Bxg2 32. Qxg2 h6 33. Qe4 b6 34. Kg2 Nc5 35. Nxc5 bxc5 36. Qf3 {Hoping for dxc5.} Qxf3+ 37. Kxf3 $11 {[%mdl 4096] Endgame KRR-KRR} R8d7 38. Re8+ Kh7 39. Ke2 cxd4 40. Rb3 h5 (40... g5 $11) 41. Kd3 $14 g6 (41... Kg6 $14) 42. Rb4 Rf5 43. f4 ({Don't play} 43. Rxd4 $6 Rxd4+ 44. Kxd4 Rxf2 $11) 43... Rc5 44. Rxd4 Rxd4+ (44... Rdc7 $14) 45. Kxd4 $16 {KR-KR} Rc2 46. Rb8 Rg2 $2 {[#]} (46... Rd2+ 47. Ke3 Rg2) 47. Rb3 $1 $18 Rc2 $2 (47... Rg1 48. Ra3 Kg7) 48. a4 {White is clearly winning.} a5 49. Kd3 Rc1 50. Rc3 Ra1 51. b3 Rd1+ 52. Kc4 Rd8 53. Kb5 Rd5+ 54. Kb6 Kg7 55. Rc5 Rd3 56. Rb5 Rxg3 57. Kxa5 Rg4 58. Kb6 Rxh4 59. a5 {[%cal Ba4a5,Ba5a6,Ba6a7][%mdl 32]} Rxf4 60. a6 Re4 61. a7 Re6+ 62. Ka5 Re1 63. Ka6 {Precision: White = 73%, Black = 35%.} (63. Kb4 $142 Re4+ 64. Kc3) 1-0

[Event "Northumbria Masters 2018"]
[Site "Newcastle upon Tyne"]
[Date "2018.02.14"]
[Round "1"]
[White "Vakhidov, Jakhongir"]
[Black "Raetsky, Alexander"]
[Result "1-0"]
[WhiteElo "2532"]
[BlackElo "2362"]
[Annotator "TA"]
[PlyCount "73"]
[EventDate "2018.??.??"]
[EventCountry "ENG"]
[SourceTitle "playchess.com"]
[Source "ChessBase"]
[SourceQuality "1"]

{[%evp 13,73,35,37,30,92,97,95,63,128,116,217,145,150,139,141,39,33,23,31,32,81,62,70,76,113,119,92,86,206,108,129,104,390,390,385,366,473,482,652,639,866,835,833,802,834,829,1067,1043,1275,1220,1174,1615,1652,1629,2484,2441,1685,29958,6299,5181,2161,1855]} 1. Nf3 d5 2. g3 Nc6 3. d4 Bg4 4. Bg2 Qd7 5. O-O O-O-O 6. c3 {D02: 1 d4 d5 2 Nf3 sidelines, including 2...Nf6 3 g3 and 2...Nf6 3 Bf4} f6 7. b4 {[%cal Bb2b4,Bb4b5][%mdl 32]} e5 {LiveBook: 3 Games} 8. b5 {White is slightly better.} Na5 $146 (8... Nce7 $11 {keeps the balance.}) ({Find the theoretical novelty and annotate with similar games:} 8... Nb8 9. dxe5 Qxb5 10. exf6 Nxf6 11. Be3 Bc5 12. Bxc5 Qxc5 13. Ne5 Bh5 {0-1 (54) Frank,P (2223)-Horvath,A (2535) Austria 2016}) 9. Qa4 $1 $16 {[%cal Ra4a5]} Nc4 10. dxe5 Bc5 ({Better is} 10... a6 $14) 11. Nbd2 Nxe5 (11... Bxf3 $16 12. exf3 (12. Nxf3 Qg4 $16) (12. Bxf3 Nxe5 13. Nb3 Nxf3+ 14. exf3 Bb6 $14) 12... Nxd2 13. Bxd2 fxe5) 12. Nb3 Bb6 13. Nxe5 fxe5 {[#]} 14. Bg5 (14. c4 $1 $16) 14... Nf6 $14 15. Bxf6 gxf6 {[#]} 16. Bxd5 $1 {[%mdl 512]} h5 (16... Qxd5 17. Qxg4+) 17. Rad1 $36 {[%mdl 2048] White fights for an advantage.} Kb8 18. Bf3 $1 Qxd1 19. Rxd1 Rxd1+ 20. Kg2 Bc8 (20... Bxf3+ $16 {might work better.} 21. Kxf3 h4) 21. h4 (21. Qh4 $18) 21... f5 $16 {aiming for ...e4.} 22. e3 {[%cal Be2e3,Be3f4][%mdl 32]} Rdd8 $2 {[%mdl 8192]} (22... Rb1 $16) 23. c4 $18 {[%cal Bc3c4,Bc4c5][%mdl 32]} e4 {[#]} 24. Be2 $1 c5 25. bxc6 f4 26. exf4 e3 27. c5 Bc7 28. fxe3 Rhe8 29. Kf2 Re6 30. Nd4 Re4 31. Bf3 Rexd4 32. exd4 b6 33. Kg2 Be6 34. d5 Rxd5 35. Bxd5 Bxd5+ 36. Kh2 Bf3 37. f5 {Precision: White = 68%, Black = 24%.} 1-0

[Event "Northumbria Masters 2018"]
[Site "Newcastle upon Tyne"]
[Date "2018.02.14"]
[Round "1"]
[White "Tan, Justin"]
[Black "Derakhshani, Borna"]
[Result "1-0"]
[WhiteElo "2479"]
[BlackElo "2317"]
[Annotator "TA"]
[PlyCount "77"]
[EventDate "2018.??.??"]
[EventCountry "ENG"]
[SourceTitle "playchess.com"]
[Source "ChessBase"]
[SourceQuality "1"]

{[%evp 22,77,27,22,46,23,50,54,71,67,62,58,62,64,83,83,88,85,97,143,179,173,317,308,317,303,301,304,292,221,221,221,222,221,266,257,257,246,267,200,196,199,262,247,245,217,346,358,562,420,412,411,412,411,406,377,469,462]} 1. e4 c6 2. c4 d5 3. cxd5 cxd5 4. exd5 Nf6 5. Nc3 Nxd5 6. Nf3 e6 7. d4 Be7 8. Bd3 Nc6 9. O-O O-O 10. Re1 Nf6 11. a3 b6 12. Bc2 a5 {D42: Queen's Gambit Declined: Semi-Tarrasch: 5 cxd5 Nxd5 6 e3 Nc6 7 Bd3} (12... Ba6 13. Be3 Rc8 14. Ne5 Bb7 15. Bb3 Na5 16. Ba2 Bxa3 17. Bxe6 Bxb2 18. Nxf7 Rxf7 19. Rxa5 Bxc3 20. Rxa7 Bd5 21. Bxf7+ Bxf7 {½-½ (36) Babula,V (2595)-Illescas Cordoba,M (2601) Istanbul 2012}) 13. Bg5 h6 $146 ({Predecessor:} 13... Ba6 14. Qd2 Rc8 15. Qf4 Bc4 16. Qh4 g6 17. d5 Bxd5 18. Rad1 Nh5 19. Nxd5 Bxg5 20. Nxg5 exd5 {½-½ (66) Stefanov,E (2241)-Dyulgerov,D (1987) Albena 2015}) 14. Bf4 Ba6 {White is slightly better.} 15. Qd2 Re8 16. Rad1 Bf8 17. Ba4 Rc8 18. Ne5 Bb7 19. Qd3 Bd6 20. Qh3 Nd5 21. Nxd5 exd5 {[#]} (21... Bxe5 $142 22. dxe5 exd5) 22. Nxf7 $1 $18 {[%mdl 512]} Kxf7 23. Qf5+ Kg8 24. Qxd5+ Kh8 25. Rxe8+ (25. Qxd6 Rxe1+ 26. Rxe1 Qxd6 $18) 25... Qxe8 26. Qxd6 ({Don't do} 26. Bxd6 $6 Rd8 $16) 26... Rd8 {[#]} 27. Qc7 $1 Rxd4 28. Be3 Rxa4 29. Qxb7 Qh5 {[%cal Rh5d1]} 30. Rc1 $40 {[%mdl 128] White attacks with force.} Rc4 {[#] ( -> ...Rxc1+)} 31. Re1 $1 Ne5 (31... b5 {is a better defense.} 32. h3 Kh7) 32. h3 ({Resist} 32. Bxb6 Nd3 $16) 32... Nd3 33. Rf1 b5 (33... Kh7 {was worth a try.} 34. Qxb6 Nf4) 34. b3 Rh4 (34... Rc2 $142 35. Bd4 Qg5) 35. Qc8+ Kh7 36. Qc2 Qg6 37. Rd1 Nf4 38. Qxg6+ Kxg6 39. g3 {Precision: White = 87%, Black = 30%.} 1-0

[Event "Northumbria Masters 2018"]
[Site "Newcastle upon Tyne"]
[Date "2018.02.14"]
[Round "1"]
[White "Hebden, Mark L"]
[Black "Macklin, Paul"]
[Result "1-0"]
[WhiteElo "2454"]
[BlackElo "2307"]
[Annotator "TA"]
[PlyCount "75"]
[EventDate "2018.??.??"]
[EventCountry "ENG"]
[SourceTitle "playchess.com"]
[Source "ChessBase"]
[SourceQuality "1"]

{[%evp 15,75,19,30,16,30,7,13,13,33,35,35,17,26,16,10,-35,0,26,7,0,0,0,31,18,16,17,13,9,12,0,0,0,55,42,85,76,114,121,128,85,100,77,131,137,147,137,160,177,152,93,72,83,88,87,210,196,197,197,205,215,204,206]} 1. d4 Nf6 2. Nf3 d6 3. Nc3 g6 4. e4 Nc6 5. Bb5 a6 6. Bxc6+ bxc6 7. h3 Bg7 8. O-O O-O 9. Be3 {B00: Queen's Fianchetto Defence, Nimzowitsch Defence} Rb8 10. Rb1 (10. b3 Nd7 11. Ne2 c5 12. c4 Bb7 13. Nc3 cxd4 14. Nxd4 c5 15. Nde2 f5 16. exf5 gxf5 {0-1 (48) Oleksienko,M (2636)-Zubov,A (2604) Lvov 2017}) 10... Nd7 11. Qd2 {The position is equal.} Re8 12. b3 $146 ({Predecessor:} 12. Rfd1 e6 13. e5 Qe7 14. Bh6 Bh8 15. Bg5 f6 16. Bh4 Qf8 17. exf6 Nxf6 {0-1 (47) Nevanlinna,R (2266)-Vlasenko,M (2415) Jyvaskyla 2017}) 12... Bb7 13. Bh6 Bh8 14. Ng5 e6 15. f4 f6 (15... c5 $15 16. dxc5 Nxc5) 16. Nf3 $11 f5 17. Bg5 Qc8 18. Rbe1 fxe4 19. Nxe4 c5 20. dxc5 Bxe4 $1 21. Rxe4 Nxc5 22. Rc4 Qb7 23. Qe3 Qd5 (23... Qb6 $11) 24. Nh2 $14 h5 25. Bh4 {[%cal Bg5h4,Bh4g3,Bg3f2,Bf2c5][%mdl 32]} Rf8 26. Nf3 Rbe8 27. Bg3 Bf6 28. Qe2 a5 (28... Rf7 $142) 29. Rd1 $16 Qf5 30. Bf2 e5 31. Bxc5 {Threatens to win with Bf2.} exf4 32. Qd3 (32. Qd2 $142 {Strongly threatening Bf2.} dxc5 33. Qxa5) 32... Qxd3 33. Rxd3 {[#] aiming for Ba3.} dxc5 34. Rxc5 Re7 (34... a4 $16 {keeps fighting.}) 35. Rxa5 $18 {White is clearly better.} Rfe8 36. Rc5 g5 37. Nxg5 Re1+ 38. Kh2 {Precision: White = 78%, Black = 41%.} 1-0

[Event "Northumbria Masters 2018"]
[Site "Newcastle upon Tyne"]
[Date "2018.02.14"]
[Round "1"]
[White "Gourlay, Iain"]
[Black "Plat, Vojtech"]
[Result "1/2-1/2"]
[WhiteElo "2371"]
[BlackElo "2560"]
[Annotator "TA"]
[PlyCount "99"]
[EventDate "2018.??.??"]
[EventCountry "ENG"]
[SourceTitle "playchess.com"]
[Source "ChessBase"]
[SourceQuality "1"]

{[%evp 16,99,36,11,32,37,38,27,49,49,49,49,50,46,47,35,58,50,47,37,69,68,64,62,104,111,102,94,140,141,162,159,146,150,154,166,291,291,291,287,291,269,363,355,429,417,446,322,311,313,330,279,279,275,299,297,283,259,484,329,326,266,304,207,198,185,202,194,168,14,25,0,10,14,13,0,53,0,0,0,0,0,0,0,0,0]} 1. c4 g6 2. g3 Nf6 3. Bg2 Bg7 4. Nc3 O-O 5. d3 c6 6. e4 e5 7. Nge2 d6 8. O-O a5 9. Rb1 {LiveBook: 4 Partien. A24: Englische Eröffnung} Be6 10. b3 Na6 11. d4 $146 {Weiß steht etwas besser.} ({Vorgänger:} 11. h3 Nh5 12. d4 exd4 13. Nxd4 Bc8 14. Be3 Nc5 {1-0 (58) Florescu,C (2416)-Manescu,T (2354) Satu Mare 2003}) 11... Qd7 12. d5 cxd5 13. cxd5 Bh3 14. f3 Bxg2 15. Kxg2 Ne8 {[%cal Bf6e8,Be8c7,Bc7b5][%mdl 32]} 16. Be3 b5 17. a4 Nec7 18. axb5 Nxb5 19. Na4 $36 {[%cal Bc3a4,Ba4b6,Bb6c4][%mdl 2080] Droht stark Sb6. Weiss drückt.} Rab8 20. Nb6 Qd8 21. Nc4 Nb4 22. Ra1 Nd4 23. Bxd4 exd4 24. Rxa5 ({Bitte nicht} 24. Nxd4 $6 Bxd4 25. Qxd4 Nc2 $11) 24... Qf6 25. Nf4 Ra8 {[#]} (25... Rb7 {war einen Versuch wert.} 26. Qd2 Rfb8) 26. Qd2 $1 $18 {[%cal Rd2b4]} Rxa5 27. Nxa5 Na6 {[%cal Bb4a6,Ba6c5,Bc5a4,Ba4b2][%mdl 32]} 28. Nc6 Nc5 29. b4 Na4 30. Ne2 {[%cal Bf4e2,Be2d4,Bd4b3][%mdl 32]} d3 31. Qxd3 Qb2 32. Rf2 Ra8 33. Ned4 Qa1 34. Nb3 Nb2 35. Qc2 ({Und nicht} 35. Nxa1 Nxd3 36. Rd2 Ne1+ 37. Kf2 Bc3 $11) 35... Qa6 36. b5 Qb6 $2 (36... Qa4 37. Nbd4 Nc4) 37. Nbd4 Na4 38. Qc4 Nc5 39. Ra2 Rxa2+ 40. Qxa2 Bxd4 41. Nxd4 Nxe4 {[#]} 42. fxe4 $2 (42. Qa8+ $1 $18 Kg7 43. Qa1 (43. fxe4 Qxd4 44. Qe8 Qd3 $11)) 42... Qxd4 {[%mdl 4096] Endspiel KD-KD} 43. Qc2 Qb4 44. Qe2 Qd4 45. Kf3 Kg7 (45... Qf6+ $11 46. Kg2 Qd4) 46. Qe3 (46. Qc2 $14) 46... Qf6+ $11 {Die Stellung ist ausgeglichen.} 47. Qf4 Qc3+ 48. Qe3 Qf6+ 49. Qf4 Qc3+ 50. Qe3 {Precision: Weiß = 63%, Schwarz = 47%.} 1/2-1/2

[Event "Northumbria Masters 2018"]
[Site "Newcastle upon Tyne"]
[Date "2018.02.14"]
[Round "1"]
[White "Welling, Gerard"]
[Black "Gormally, Daniel W"]
[Result "1/2-1/2"]
[WhiteElo "2320"]
[BlackElo "2483"]
[Annotator "TA"]
[PlyCount "149"]
[EventDate "2018.??.??"]
[EventCountry "ENG"]
[SourceTitle "playchess.com"]
[Source "ChessBase"]
[SourceQuality "1"]

{[%evp 11,149,0,26,-11,1,16,73,41,23,22,66,-51,-83,-52,-27,-15,-22,-32,-31,-104,-47,-36,0,0,0,-13,24,33,43,45,45,0,0,0,0,0,84,92,123,115,130,68,106,112,104,102,185,183,201,197,223,221,214,216,250,223,225,206,242,235,220,90,93,100,91,106,93,0,0,0,0,-2,-2,-2,-2,-2,-2,-2,-1,-8,0,0,0,0,0,0,0,0,0,0,76,0,0,0,0,-85,0,0,0,0,0,0,0,-59,-9,-60,-58,-57,-61,-132,-132,-280,0,0,0,0,0,0,0,0,0,0,0,0,0,0,0,0,0,0,0,0,0,0,0,0,0,0,0,0]} 1. e4 c5 2. d3 Nc6 3. g3 d5 4. Nd2 Nf6 5. Bg2 Bg4 6. f3 {B20: Sicilian: Unusual White 2nd moves} Bh5 {LiveBook: 5 Games} 7. g4 (7. Ne2 e5 8. O-O dxe4 9. dxe4 Be7 10. Nc4 O-O 11. Qxd8 Rfxd8 12. a4 Nd7 13. Nc3 Nb4 {½-½ (45) Savitskiy,S (2415)-Yuffa,D (2534) Sochi 2016}) 7... Bg6 8. f4 {[%cal Bf3f4,Bf4f5][%mdl 32]} h5 (8... h6 $11) 9. f5 Bh7 10. g5 $146 ({Find the theoretical novelty and annotate with similar games:} 10. h3 dxe4 11. Nxe4 Nxe4 12. Bxe4 e6 13. Bxc6+ bxc6 {0-1 (39) Day,A-Thomas,N (2230) Brighton 1985}) 10... Ng4 {Hoping for ...Ne3.} 11. Nf1 (11. exd5 $14 Nd4 12. Nc4) 11... dxe4 12. Bxe4 g6 13. Nf3 {Black must now prevent fxg6.} Bg7 14. fxg6 Bxg6 15. Qe2 {[#]} (15. Bxc6+ $15 bxc6 16. h3) 15... Qd7 ({Black should try} 15... c4 $1 $17 {[%mdl 512]} 16. Ne3 (16. dxc4 Nd4) 16... cxd3 17. cxd3 Rc8) 16. h3 $15 Nge5 17. Nxe5 Nxe5 18. Bf4 Bxe4 19. Qxe4 Ng6 20. O-O-O O-O-O 21. Be3 Qb5 $1 {[%cal Rb5b2]} 22. Qf5+ $1 Kb8 23. c3 Rhf8 (23... Be5 $11) 24. Qxc5 $16 Qa4 25. Qc4 Qa5 26. Qb3 ({Better is} 26. Nd2 $16) 26... Qf5 27. Qa4 $36 {[%mdl 2048] White is really pushing.} a6 28. Qe4 Qa5 (28... Qxe4 $16 29. dxe4 Be5) 29. Kb1 $18 Rd6 30. Nd2 Re6 31. Qf3 Qb5 32. Nb3 a5 33. c4 Qc6 34. Qxc6 bxc6 35. Rhe1 Be5 36. Nxa5 (36. Nc5 $18 {and White stays clearly on top.} Rd6 37. Nb3) 36... Bg3 $16 37. Re2 Bc7 38. Nb3 {Strongly threatening Nc5.} Nf4 39. Bxf4 (39. Ree1 $16 Ng2 40. Nc5 Rxe3 41. Rg1) 39... Rxe2 $11 40. Nd4 Rg2 41. Nxc6+ Kb7 42. Bxc7 Kxc6 {[%mdl 4096] Endgame KRR-KRB} 43. Bf4 f6 44. gxf6 Rxf6 45. Bc1 Rf3 46. b4 e5 47. b5+ Kc5 48. Ba3+ Kb6 49. Bb2 Re2 50. h4 Kc5 {[#]} (50... e4 $11) 51. Ba3+ (51. Bxe5 $1 $16 {[%mdl 512]} Rff2 (51... Rxe5 52. d4+) 52. Bc3) 51... Kb6 {White should prevent ...e4.} 52. Bb2 e4 53. dxe4 (53. Bd4+ $1 $11 {remains equal.} Ka5 54. Bc3+ Ka4 55. b6 exd3 56. b7) 53... Rxe4 (53... Kc5 $17 54. e5 Kxc4) 54. Bd4+ $1 Ka5 55. b6 Ka6 56. c5 {With the idea c6.} Kb7 57. Kb2 (57. Bg1 $11) 57... Re2+ {[%mdl 1024] Black has compensation.} 58. Ka1 (58. Kb1 $11) 58... Rh3 $15 59. Rc1 {White wants to mate with c6+.} Kc6 60. Rb1 (60. Rd1 $15) 60... Rhh2 $17 {[%csl Gh2][%cal Re2a2]} 61. Bb2 (61. Rg1 $17 {was called for.}) 61... Rc2 $2 {[#]} (61... Rxh4 $19 {aiming for ...Rxb2!} 62. Rd1 Rhh2) 62. b7 $1 $11 {[%cal Rb7b8] The position is equal.} Kxb7 {And now ...Kc6 would win.} 63. Be5+ Kc6 {[%csl Gh2][%cal Rc2a2]} 64. Bxh2 Rxh2 {KR-KR} 65. Rb4 Kxc5 66. Rf4 Kb5 67. a4+ Ka6 68. Kb1 Ka5 69. Kc1 Ra2 70. Rf5+ Kxa4 71. Rxh5 Kb3 72. Kd1 Kc4 73. Ke1 Kd4 74. Rb5 Ke3 {( -> ...Ra1+)} 75. Rb3+ {Precision: White = 51%, Black = 51%.} 1/2-1/2

[Event "Northumbria Masters 2018"]
[Site "Newcastle upon Tyne"]
[Date "2018.02.14"]
[Round "1"]
[White "Longson, Alexander"]
[Black "Greet, Andrew N"]
[Result "1/2-1/2"]
[WhiteElo "2307"]
[BlackElo "2458"]
[Annotator "TA"]
[PlyCount "80"]
[EventDate "2018.??.??"]
[EventCountry "ENG"]
[SourceTitle "playchess.com"]
[Source "ChessBase"]
[SourceQuality "1"]

{[%evp 26,80,18,19,19,18,27,27,24,26,20,21,21,23,20,17,20,23,24,23,27,43,53,49,59,0,0,0,0,0,243,231,262,245,312,310,352,239,224,237,238,227,230,212,206,196,209,182,226,0,0,0,0,0,0,0,0]} 1. e4 e6 2. d4 d5 3. Nd2 c5 4. exd5 Qxd5 5. Ngf3 cxd4 6. Bc4 Qd6 7. O-O Nf6 8. Nb3 Nc6 9. Nbxd4 Nxd4 10. Nxd4 Be7 11. c3 O-O 12. Qf3 Qc7 13. Bb3 Bd7 14. Bf4 {LiveBook: 3 Games. C07: French Tarrasch: 3...c5, 4 Ngf3 and 4 exd5 Qxd5} (14. Re1 Rfe8 15. h3 Rad8 16. Bf4 Qb6 17. Re2 Nd5 18. Bxd5 exd5 19. Rae1 Bc5 20. Rxe8+ Rxe8 21. Rxe8+ Bxe8 22. Qxd5 Bxd4 23. Qxd4 Qxd4 24. cxd4 {½-½ (30) Karjakin,S (2760)-Nakamura,H (2776) Zuerich 2015}) 14... e5 15. Bg3 $1 Bd6 16. Nf5 {White has an edge.} Bxf5 $1 17. Qxf5 e4 18. Bxd6 Qxd6 19. Rad1 Qc7 20. Rd4 Rad8 21. Rfd1 $146 ({Predecessor:} 21. Rc4 Qb8 {½-½ (43) Kolanek,R (2217)-Trzcinski,I (2290) ICCF email 2016}) 21... Rxd4 22. Rxd4 Re8 23. Rc4 $36 {[%mdl 2048] White has good play.} Qe7 24. Qc5 h5 25. Qxa7 (25. Kf1 $14) 25... Ng4 $1 $11 {[#] Hoping for ...e3.} 26. h3 e3 $1 {[%cal Re3e2]} 27. fxe3 Ne5 $2 (27... Nxe3 $11 {and Black stays safe.} 28. Rf4 Qg5) 28. Re4 Kh8 29. Qd4 Qg5 30. Rf4 Rd8 31. Rf5 Qxf5 32. Qxd8+ Kh7 33. Qd5 g6 34. Qd2 ({Don't take} 34. Qxb7 $6 Qb1+ 35. Kh2 Qe1) 34... Qb1+ 35. Kh2 Qf1 36. Qd5 Qf6 37. Qxb7 $2 {[#]} ({White should try} 37. Bd1 $18) 37... Ng4+ {The position is equal.} 38. hxg4 Qh4+ 39. Kg1 Qe1+ 40. Kh2 Qh4+ {Precision: White = 80%, Black = 54%.} 1/2-1/2

[Event "Northumbria Masters 2018"]
[Site "Newcastle upon Tyne"]
[Date "2018.02.14"]
[Round "1"]
[White "Muir, Andrew J"]
[Black "Nasuta, Grzegorz"]
[Result "0-1"]
[WhiteElo "2286"]
[BlackElo "2454"]
[Annotator "TA"]
[PlyCount "90"]
[EventDate "2018.??.??"]
[EventCountry "ENG"]
[SourceTitle "playchess.com"]
[Source "ChessBase"]
[SourceQuality "1"]

{[%evp 9,90,-22,-13,-23,-22,-54,-19,-28,-11,-124,-75,-77,-83,-96,-102,-154,-144,-137,-132,-147,-48,-227,-233,-281,-233,-231,-233,-231,-231,-223,-217,-225,-224,-231,-230,-230,-227,-238,-225,-226,-229,-230,-209,-210,-183,-227,-210,-212,-213,-218,-214,-218,-210,-211,-207,-231,-211,-666,-671,-665,-622,-890,-802,-671,-789,-753,-745,-4694,-4161,-2301,-1428,-1795,-1746,-4810,-5724,-29968,-5438,-29975,-29975,-29983,-29984,-29987,-29988]} 1. d4 d5 2. c4 c6 3. cxd5 cxd5 4. Bg5 f6 5. Bf4 $146 ({Vorgänger:} 5. Bd2 Nc6 6. Nc3 e5 7. e4 Nxd4 8. Nxd5 Ne7 9. Bc4 Nxd5 10. Bxd5 Be6 11. Bxe6 Nxe6 {½-½ (49) Moiseenko,A (2667)-Ivanchuk,V (2726) Riadh 2017}) 5... Nc6 6. Nf3 {D10: Damengambit (Slawische Verteidigung)} g5 7. Be3 Nh6 {[%cal Bg8h6,Bh6f5,Bf5e3][%mdl 32]} 8. Nc3 {Die Stellung ist ausgeglichen.} Nf5 {Droht ...g4.} 9. h3 (9. Bd2 $11) 9... Nxe3 10. fxe3 Qd6 $36 {[%mdl 2048] Schwarz hat starke Initiative.} 11. Qb3 Qg3+ 12. Kd2 (12. Kd1 $142) 12... e6 $17 13. e4 Bd7 14. e3 Qf2+ (14... Na5 $17 15. Qc2 Rc8 16. exd5 exd5) 15. Be2 $2 ({Der einzige Zug:} 15. Kd1 $1 $15) 15... Na5 $19 (15... Qxg2 $2 16. Rag1 $18) 16. Qd1 Nc4+ (16... Qxg2 17. Rh2 $17) 17. Kc1 Qxe3+ ({Keinesfalls} 17... Nxe3 18. Qd2) 18. Kc2 Rc8 {( -> ...La4+!)} 19. Bxc4 Rxc4 ({Schwächer ist} 19... dxc4 20. e5 $15) 20. Re1 {[#]} Ba4+ $1 21. Kb1 {Droht stark Dxa4+.} Bxd1 22. Rxe3 Bxf3 23. gxf3 dxe4 ({Bloß nicht} 23... Rxd4 24. exd5 e5 25. Kc2 $17) 24. Rxe4 Kf7 25. d5 exd5 26. Nxd5 Rc5 27. Rd4 Be7 28. b4 Rc6 {Und weiter mit ...Ld6 wäre nett.} 29. Nxe7 Kxe7 {[%mdl 4096] Endspiel KTT-KTT} 30. Kb2 {[#]} Rhc8 $1 31. Re1+ Re6 32. Rxe6+ Kxe6 {KT-KT} 33. f4 $2 (33. Re4+ Kf7 34. Rd4) 33... gxf4 34. Rxf4 f5 35. a3 Ke5 36. Rf1 Rc7 37. Re1+ Kd4 38. Rd1+ Ke3 39. Re1+ Kf2 40. Re5 f4 {[%cal Bf5f4,Bf4f3,Bf3f2][%mdl 32]} 41. Rf5 f3 42. h4 Kg3 43. h5 f2 {Schwarz setzt Matt.} 44. h6 Rc4 45. Rg5+ Rg4 {Precision: Weiß = 30%, Schwarz = 87%.} 0-1